The history of the twelve Caesars, first emperors of Rome : namely, I. Julius Caesar. II. Augustus. III. Tiberius. IV. Caligula. V. Claudius. VI. Nero. VII. Galba. VIII. Otho. IX. Vitellius. X. Vespasian. XI. Titus. XII. Domitian. : Being an account of the most remarkable transactions, revolutions, and events, both in peace and war, which happened during their reigns. Collected from the most authentic historians, both ancient and modern. /

Bibliographic Details
Main Author: Leigh, Edward, 1602-1671
Format: eBook
Language:English
Series:Early American imprints. Evans (1639-1800) ; no. 48503.
Subjects:
Online Access:Evans Digital Edition

MARC

Tag First Indicator Second Indicator Subfields
LEADER 00000cam a2200000 a 4500
001 in00002139182
006 m e d #
007 cr mn mmmmabba
008 820511s1798 pau s 000 0ceng d
005 20260331161501.1
035 |z w012751 
035 |a MAAR8205113602B 
035 |9 mwa91-50565 
035 |a 339477 
035 |a aas03012751 
040 |a MWA  |c MWA  |e bdrb  |d UtOrBLW 
100 1 |a Leigh, Edward,  |d 1602-1671. 
245 1 4 |a The history of the twelve Caesars, first emperors of Rome :  |b namely, I. Julius Caesar. II. Augustus. III. Tiberius. IV. Caligula. V. Claudius. VI. Nero. VII. Galba. VIII. Otho. IX. Vitellius. X. Vespasian. XI. Titus. XII. Domitian. : Being an account of the most remarkable transactions, revolutions, and events, both in peace and war, which happened during their reigns. Collected from the most authentic historians, both ancient and modern. /  |c By Edward Leigh, Esq. 
264 3 |a Philadelphia :  |b Printed for Robert Johnson, & Co. no. 147, High Street,  |c 1798. 
300 |a v, 6-105 pages, 3 unnumbered pages ;  |c 14 cm. (duodecimo) 
336 |a text  |b txt  |2 rdacontent 
337 |a computer  |b c  |2 rdamedia 
338 |a online resource  |b cr  |2 rdacarrier 
510 4 |a Bristol  |c B10381 
510 4 |a Shipton & Mooney  |c 48503 
530 |a Microform version available in the Readex Early American Imprints series. 
533 |a Electronic text and image data.  |b [Chester, Vt. :  |c Readex, a division of Newsbank, Inc.,  |d 2002-2004.  |e Includes files in TIFF, GIF and PDF formats with inclusion of keyword searchable text.  |f (Early American imprints. First series ; no. 48503). 
500 |a Electronic resource. 
650 0 |a Emperors  |z Rome. 
651 0 |a Rome  |x History  |y Empire, 30 B.C.-284 A.D. 
752 |a United States  |b Pennsylvania  |d Philadelphia. 
830 0 |a Early American imprints.  |n Series I,  |p Evans (1639-1800) ;  |v no. 48503. 
856 4 1 |u http://proxy.library.tamu.edu/login?url=https://opac.newsbank.com/select/evans/48503  |y Evans Digital Edition  |t 0 
999 |a MARS 
999 f f |s 46a69a8c-8697-3549-89f1-36dba0226d0c  |i d2cad05c-912f-343b-968c-30710a87efdf  |t 0 
952 f f |a Texas A&M University  |b College Station  |c Electronic Resources  |s www_evans  |d Available Online  |t 0  |h No information provided 
998 f f |t 0  |l Available Online